00931nam a2200193 a 450000100100000000500170001000800410002704000250006808200160009311000320010924000160014124501050015726000470026230000200030959000260032995201800035595201850053599900170072000004899820201002061557.0190712s1997 dr r 000 0 spa d aDO-SdBNPbspacBNPHU axxxxbR426l2 aRepública Dominicana944710aLeyes, etc.10aNo. 146 :bley minera de la República Dominicana del 4 de junio del 1971. Gaceta oficial no. 9281. aSanto Domingo :bCongreso Nacional,c1997. a54 p. ;c21 cm. aInventariado, 2019/BT 0010718PDaPDbPDcHDd2019-07-12iLF1l0oxxxx R426lp48999-10r2020-06-25w2020-06-25yLFPDzPerteneció a la biblioteca personal de la familia Reyes Duluc.ZNo se presta 0010718PDaPDbPDcHDd2019-07-12iLF1l0oxxxx R426lp48999-20r2020-06-25te.2w2020-06-25yLFPDzPerteneció a la biblioteca personal de la familia Reyes Duluc.ZNo se presta c48486d48486